000 00548ntaaa2200193 4500
003 01
005 20251027202936.0
008 0714s1973 ag 01
040 _aAR-BaBN
_bspa
_cAR-BaBN
_eaacr
_dRIC
082 _a923.2000 L97
100 _aLuthuli, Albert
_930083
245 _aLet my people go
250 _a1 ed.
260 _aLondon :
_bCollins,
_cc1962
300 _a218 p
500 _aAutobiografĂ­a del gran lĂ­der cristiano africano, Albert Luthuli, ganador del Premioi Nobel de la Paz en 1961.
650 _aAfrica
_917522
942 _cBK
999 _c24709
_d24709